000 00283nam a2200133Ia 4500
100 _aMachinery yellow back series
942 _cBK
654 _aFixture
245 _aJig
260 _bMachinery Publication & co
_c2001
082 _a621.9
_bMAC
300 _a62
546 _aENGLISH
999 _c24461
_d24461